| Tag |
First Indicator |
Second Indicator |
Subfields |
| LEADER |
00000cam a2200000 4500 |
| 001 |
in00000262921 |
| 005 |
20151010055343.0 |
| 008 |
691016s1969 nyuac b 00000 eng |
| 010 |
|
|
|a 74079248
|
| 035 |
|
|
|a (OCoLC)00029265
|
| 035 |
|
|
|9 ABD0445AM
|
| 037 |
|
|
|c 10.00
|
| 040 |
|
|
|a DLC
|c DLC
|d TXA
|d UtOrBLW
|
| 041 |
1 |
|
|a eng
|a fre
|
| 049 |
|
|
|a TXAM
|c [432409]
|
| 050 |
0 |
0 |
|a DK266.3
|b .G3413
|
| 082 |
0 |
|
|a 323.2/0947
|
| 100 |
1 |
|
|a Gaucher, Roland.
|
| 245 |
1 |
0 |
|a Opposition in the U.S.S.R., 1917-1967 /
|c Translated by Charles Lam Markmann.
|
| 264 |
|
1 |
|a New York :
|b Funk & Wagnalls,
|c [1969]
|
| 300 |
|
|
|a 547 pages :
|b illustrations, portraits ;
|c 21 cm.
|
| 336 |
|
|
|a text
|b txt
|2 rdacontent
|
| 337 |
|
|
|a unmediated
|b n
|2 rdamedia
|
| 338 |
|
|
|a volume
|b nc
|2 rdacarrier
|
| 500 |
|
|
|a Translation of L'Opposition en U.R.S.S., 1917-1967.
|
| 504 |
|
|
|a Bibliography: pages 531-538.
|
| 650 |
|
0 |
|a Anti-communist movements
|z Soviet Union.
|
| 651 |
|
0 |
|a Soviet Union
|x Politics and government.
|
| 999 |
|
|
|a MARS
|
| 999 |
f |
f |
|s d3fbf0d3-f93e-3c0b-9215-d7796018825d
|i 53e6a94c-8d03-3c14-a7e3-ec3e2049b8aa
|t 0
|
| 952 |
f |
f |
|p ric
|a Texas A&M University
|b Rellis Campus
|c Joint Library Facility
|d Remote Storage
|t 0
|e DK266.3 .G3413
|h Library of Congress classification
|i unmediated -- volume
|m A14802005786
|
| 998 |
f |
f |
|a DK266.3 .G3413
|t 0
|l Remote Storage
|